000 00366pab a2200157 454500
008 180718b2004 xxu||||| |||| 00| 0 eng d
100 _aChidambaram, P.
245 _aFor a better quality of life
260 _c2004
300 _ap.5-10.
362 _aDec
650 _aEconomic reform - India
650 _aEconomic reform
773 _aYojana
909 _a63352
999 _c63352
_d63352